Gayest U.S. Cities - Statistics

General Stats
  • This quiz has been taken 304 times
  • The average score is 6 of 10
Answer Stats
Rank City Percentage % Correct
1 San Francisco 15.4%
96%
2 Seattle 12.9%
88%
5 Boston 12.3%
82%
8 Portland 8.8%
80%
9 Denver 8.2%
63%
3 Atlanta 12.8%
62%
4 Minneapolis 12.5%
48%
7 Sacramento 9.8%
36%
6 Oakland 12.1%
35%
10 Long Beach 8.1%
15%
No matching quizzes found
Score Distribution
Percent of People with Each Score
Percentile by Number Answered
Your Score History
You have not taken this quiz